Clique sur tout les rappeur(ses) Français Mort Subite/Sudden death - Statistiques

Statistiques générales
  • Ce quiz a été pris 444 fois
  • Le résultat moyen est 4 sur 16
Answers on the Grid
Answers color-coded by a green-red scale on the quiz's grid according to % correct below.
Booba
Damso
Scylla
Rim'k
Gazo
Kery James
Hamza
Guizmo
Fresh la Peufra
Roméo Elvis
Ninho
Shay
Orelsan
Bigflo et Oli
PNL
Eminem
Lacrim
Black M
Lil Peep
Lil Wayne
Maska
Wejdene
Vitaa
Diam's
Sinik
Sefyu
Tupac
Stomy Bugsy
Snoop Dogg
Doc Gynéco
 
Statistiques - réponses
Réponse % Correct
Booba
39%
Orelsan
36%
PNL
36%
Gazo
34%
Lacrim
33%
Ninho
33%
Bigflo et Oli
32%
Black M
29%
Rim'k
25%
Guizmo
23%
Kery James
20%
Doc Gynéco
18%
Sinik
17%
Sefyu
12%
Maska
10%
Stomy Bugsy
6%
Aucun quiz correspondant
Distribution des résultats
% des personnes avec chaque résultat
Percentile par nombre de réponses
Votre historique - résultats
Vous n’avez pas pris ce quiz